Capi di stato d'Italia - Statistics

Statistiche generali
  • Questo quiz è stato fatto 94 volte
  • Il punteggio medio è 6 su 12
Statistiche sulle risposte
Domanda Risposta % Corretto
Transizione: Chi ricoprì l'incarico di capo provvisorio della repubblica italiana, durante il periodo di transizione dal regno verso la repubblica (1946-1947)? Alcide de Gasperi ed Enrico de Nicola
86%
Qual'è l'unico capo di stato italiano della storia che morì assassinato? Umberto I di Savoia
81%
Regno d'Italia: Quali furono le origini della Regina consorte d'Italia, Elena? Montenegrine
67%
Repubblica italiana: Chi furono i presidenti della repubblica con più di 80 anni d'età alla loro elezione? Pertini e Napolitano
62%
Chi NON ha mai ricoperto ufficialmente il ruolo di capo dello stato in Italia? Benito Mussolini (luogotenente del regno)
57%
Regno d'Italia: La casa Savoia è originaria della Savoia. Il ducato di Savoia (che comprese tra l'altro Ginevra e Chambéry e fu fusa nel regno di Sardegna nel secolo 18) oggi fa parte della Francia. Come mai? Il ducato fu cesso alla Francia in compenso per il supporto all'unificazione d'Italia
52%
Regno d'Italia: Dove si recò in esilio volontario Umbero II di Savoia subito dopo l'avvenimento della repubblica? Portogallo
52%
Regno d'Italia: Quale re fu figlio di cugini di primo grado? Vittorio Emanuele III di Savoia
48%
Repubblica italiana: Un esponente di quale delle seguenti professioni NON fu mai presidente della repubblica? medico
43%
Repubblica italiana: Chi fu il più giovane presidente della repubblica con un'età di poco meno di 57 anni alla sua elezione? Francesco Cossiga
38%
Repubblica italiana: Quale incarico ricoprì Alcide de Gasperi dal 1911 al 1918? Deputato dell'Impero Austriaco
29%
Repubblica italiana: Quale delle seguenti regioni italiane NON fu luogo di nascita di alcun presidente della repubblica? Lazio
5%
Nessun quiz corrispondente trovato
Distribuzione punteggi
Percentuale di utenti per punteggio
Percentile per numero di risposta
I tuoi punteggi nel tempo
Non hai fatto questo quiz